La Nova organització territorial de Catalunya : text de les lleis i comentaris text de les lleis i comentaris
ISBN:
84-393-0806-X
Publicado:
[Barcelona] :
Generalitat de Catalunya, Departament de Governació, Direcció General d'Administració Local ,
1987
Descripción Física:
348 p. ; 24 cm
MARC
| LEADER | 00000nam a2200000Ia 4500 | ||
|---|---|---|---|
| 001 | 14054 | ||
| 008 | 160829s1987 xx 000 0 cat d | ||
| 020 | |a 84-393-0806-X | ||
| 080 | |a M-4-103 | ||
| 100 | |a Catalunya. Lleis, etc. |9 35754 | ||
| 245 | |a La Nova organització territorial de Catalunya : |b text de les lleis i comentaris | ||
| 260 | |a [Barcelona] : |b Generalitat de Catalunya, Departament de Governació, Direcció General d'Administració Local, |c 1987 | ||
| 300 | |a 348 p. ; |c 24 cm | ||
| 590 | |a Conté les lleis 5,6,7,8 de 1987 | ||
| 650 | |a Catalunya |x Divisions administratives i polítiques |x Dret i legislació |9 20442 | ||
| 710 | 1 | |a Catalunya. |b Direcció General d'Administració Local |9 53065 | |
| 901 | |a Arxiu | ||
| 942 | |n 1 | ||
| 952 | |0 0 |1 0 |4 0 |6 M4103 |7 1 |9 41533 |a Arxiu |b Arxiu |d 2016-12-01 |l 0 |o M-4-103 |p 14054 |r 2016-12-01 00:00:00 |w 2016-12-01 |y ARXIU | ||
| 999 | |c 43423 |d 43423 | ||